| 000 | 00477nam a2200157Ia 4500 | ||
|---|---|---|---|
| 008 | 220216s9999 xx 000 0 und d | ||
| 100 | _aSaraswathyamma C.K. | ||
| 245 | 0 | _aRubber planting materials: Development and propagation | |
| 260 |
_bRubber Research Institute of India, Rubber Board, Kottayam, 114 p. (Malayalam) _c1996 |
||
| 650 | _aBudding | ||
| 650 | _aClone | ||
| 650 | _aPlanting material | ||
| 650 | _aPropagation | ||
| 700 | _aMarattukalam J.G. | ||
| 942 | _cBS | ||
| 999 |
_c52886 _d52886 |
||